Journal de la Société ouest-africaine de chimie

Detalles Bibliográficos
Autor Corporativo: Société ouest-africaine de chimie
Formato: Electrónico Revista
Lenguaje:francés
Publicado: Ouagadougou, Burkina Faso : Presses universitaires de l'Université de Ouagadougou
Materias:
Acceso en línea:Full text available from Research Library: 07/01/2014 to present

MARC

LEADER 00000nas a2200000 a 4500
001 ssj0001454283
003 WaSeSS
005 20200512172242.0
006 m d
007 cr n
008 020520c199u9999uv fr p s 0 0fre
010 |a  2002202038 
015 |a 019207204  |2 dnb 
016 7 |a 1426387-7  |2 DE-600 
016 7 |a 010487129  |2 Uk 
016 7 |a 019207204  |2 DE-101 
022 |l 0796-6687  |y 0796-6687 
035 |a (WaSeSS)ssj0001454283 
037 |b Journal de la Société ouest-africaine de chimie, 06 BP 9006, Ouagadougou 06 Burkina Faso 
040 |a DLC  |b eng  |c DLC  |d DLC  |d GBVCP  |d UKMGB  |d OCLCQ  |d OCLCF  |d OCLCO  |d CUS  |d AU@  |d WaSeSS 
042 |a pcc 
050 0 0 |a QD1  |b .J695 
210 0 |a J. Soc. ouest-afr. chim. 
222 0 |a Journal de la Société ouest-africaine de chimie 
245 0 0 |a Journal de la Société ouest-africaine de chimie  |h [electronic resource]. 
246 1 8 |a J. SOACHIM 
260 |a Ouagadougou, Burkina Faso :  |b Presses universitaires de l'Université de Ouagadougou 
310 |a Semiannual 
506 |a License restrictions may limit access. 
588 |a Description based on: 5e année, no 008 (déc. 1999). 
588 |a Latest issue consulted: 7e année, no 011 (juin 2001). 
650 0 |a Chemistry  |v Periodicals. 
650 0 |a Chemistry  |x Study and teaching (Higher)  |v Periodicals. 
650 7 |a Chemistry.  |2 fast  |0 (OCoLC)fst00853344 
650 7 |a Chemistry  |x Study and teaching (Higher)  |2 fast  |0 (OCoLC)fst00853437 
655 0 |a Electronic journals. 
710 2 |a Société ouest-africaine de chimie. 
850 |a DLC 
856 4 0 |z Full text available from Research Library: 07/01/2014 to present  |u https://search.proquest.com/publication/2035661